000 00544nam a2200193 a 4500
005 20250905063949.0
008 991125s1977 mx 000 0 spa u
035 _aUPN01000014928
049 _aCG
050 4 _aHC125
_bM3.2 1977
100 1 _aMarini, Ruy Mauro,
_d1932-1997
_939780
245 1 0 _aDialéctica de la dependencia /
_cRuy Mauro Marini.
250 _a3a ed.
260 _aMéxico :
_bEra,
_c1977.
300 _a101 p.
440 0 _aPopular Era ;
_v22
651 4 _aAmérica Latina
_xCondiciones económicas
_92747
905 _aLibro
999 _c14928
_d14928